Šmírák
Saved in:
| Main Author | |
|---|---|
| Format | Electronic eBook |
| Language | Czech |
| Published |
Kalibr
2025
|
| Edition | 1. elektronické vydání |
| Subjects | |
| Online Access | Dostupné v BOOKPORT po přihlášení pomocí eduID |
| ISBN | 978-80-284-0670-7 978-80-284-0448-2 |
| Physical Description | 1 online zdroj (248 stran) |
Cover
| LEADER | 00000nam a2200000 i 4500 | ||
|---|---|---|---|
| 001 | bkp731847312 | ||
| 003 | CZ-prgp | ||
| 005 | 20260505114351.0 | ||
| 006 | m o d | ||
| 007 | cr cn | ||
| 008 | 260505s2025 xr o 000 1 cze | ||
| 020 | |a 978-80-284-0670-7 |c 289 Kč |q (online ; epub) | ||
| 020 | |a 978-80-284-0448-2 |c 289 Kč |q (print) | ||
| 040 | |a Grada |b cze |e rda | ||
| 100 | 1 | |a Kristýna, Trpková | |
| 245 | 1 | 0 | |a Šmírák |c Trpková Kristýna |
| 250 | |a 1. elektronické vydání | ||
| 264 | 1 | |b Kalibr |c 2025 | |
| 300 | |a 1 online zdroj (248 stran) | ||
| 336 | |a text |b txt |2 rdacontent | ||
| 337 | |a počítač |b c |2 rdamedia | ||
| 338 | |a online zdroj |b cr |2 rdacarrier | ||
| 520 | 3 | |a Dvaašedesátiletý Eduard přišel před devíti měsíci při tragické dopravní nehodě o manželku. Nyní žije úplně sám na okraji Trudnova, vesnici nedaleko Pardubic - jen on a jeho pudl Akim. Ten je taky jednou z mála památek, které mu na zesnulou ženu zbyly. Když v obci začne řádit zákeřný travič psů, Eda to pochopitelně nenechává klidným. Zvířecí vrah však není jeho jediným problémem. Zdá se totiž, že Eda někdo sleduje - cizinec, který se až podezřele často motá kolem jeho domu. A nejen to: Je mu v patách při vyjížďkách do města, dělá mu stín v obchodech... Má neznámý slídil spojitost s útoky na zdejší psy? Nebo znamená přítomnost cizího muže něco docela jiného? | |
| 650 | 0 | 4 | |a Dobrodružství, napětí, thrillery |
| 650 | 0 | 4 | |a Horory |
| 856 | 4 | 0 | |u https://www.bookport.cz/AccountSaml/SignIn/?idp=https://shibboleth.utb.cz/idp/shibboleth&returnUrl=/kniha/smirak-16046/ |y Dostupné v BOOKPORT po přihlášení pomocí eduID |